Ada Bobonis (Record no. 8398)

MARC details
000 - LÍDER
campo de control de longitud fija 00798nam a2200205Ia 4500
008 - ELEMENTOS DE DATOS DE LONGITUD FIJA - INFORMACIÓN GENERAL
campo de control de longitud fija 0000001991 pr a 0000000000spa00
090 ## - NÚMERO DE LLAMADA DE TIPO LC LOCALMENTE ASIGNADO (OCLC)
Número de clasificación (OCLC) (R) PPR00 P27a
100 1# - ENTRADA PRINCIPAL - NOMBRE PERSONAL
Nombre de la persona Pérez Ruíz, José A.
245 10 - TÍTULO DECLARACIÓN
Título Ada Bobonis
Resto del título : obra reciente
Declaración de responsabilidad / ensayo José A. Pérez Ruiz ; fotografías Edwin Medina
260 ## - PUBLICACIÓN, DISTRIBUCIÓN
Lugar de publicación San Juan (Puerto Rico) : Luigi Marrozzini Gallery
Fecha de publicación 1991
300 ## - DESCRIPCIÓN FÍSICA
Alcance [8] p.
Dimensiones / 18 cm.
500 ## - NOTA GENERAL
Nota general Exposición realizada en Luigi Marrozzini Gallery, San Juan (Puerto Rico), Enero 22 Febrero 20, 1991
600 00 - ENTRADA DE SUJETO AÑADIDO - NOMBRE PERSONAL
Nombre de la persona BOBONIS, ADA, 1963/
Subdivisión general TRABAJOS PICTORICOS
650 14 - ENTRADA DE SUJETO AÑADIDO - TÉRMINO TÓPICO
Término tópico o elemento de entrada del nombre geográfico ARTE CONTEMPORANEO PUERTORRIQUEÑO
650 14 - ENTRADA DE SUJETO AÑADIDO - TÉRMINO TÓPICO
Subdivisión general CATALOGOS
650 14 - ENTRADA DE SUJETO AÑADIDO - TÉRMINO TÓPICO
Subdivisión general EXPOSICIONES
650 14 - ENTRADA DE SUJETO AÑADIDO - TÉRMINO TÓPICO
Término tópico o elemento de entrada del nombre geográfico PINTORES PUERTORRIQUEÑOS
650 14 - ENTRADA DE SUJETO AÑADIDO - TÉRMINO TÓPICO
Término tópico o elemento de entrada del nombre geográfico PINTURA PUERTORRIQUEÑA
700 1# - ENTRADA AGREGADA - NOMBRE PERSONAL
Nombre de la persona Medina, Edwin
Holdings
Estado de retirada Pérdida de estatus Estado dañado No para préstamo Código de recogida Ubicación permanente Ubicación actual Ubicación de las estanterías Fecha de adquisición Número de llamada completo Código de barras Fecha de la última vez que se vio Número de copia Precio efectivo desde Tipo de artículo Koha
        General ArtNexus ArtNexus General 06/09/2022 P-PR-00 P27A 8403 06/09/2022 Ej.1 06/09/2022 Libro

Powered by Koha